000 00569nam a2200217Ia 4500
003 OSt
005 20220923230842.0
006 a|||||r|||| 00| 0
007 ta
008 Pun
024 _a306,065
037 _cTextual
040 _aARTS
_cARTS
_bPun
041 _2Pun
_aPun
082 _aP, 153K4
100 _aਸੂਰੀ, ਕਰਤਾਰ ਸਿੰਘ
_9156315
245 0 _aਪੰਜਾਬੀ ਭਾFਾ ਵਿਗਿਆਨ
260 _c1964
942 _hP, 153K4
_cTEXL
_2CC
999 _c387852
_d387852